Countries With the Most Unicorn Companies 🦄 - Statistics

General Stats
  • This quiz has been taken 49 times
  • The average score is 17 of 20
Answer Stats
# Country % Correct
29 Germany
100%
104 United Kingdom
100%
702 United States
100%
309 China
98%
34 France
98%
12 Japan
98%
20 Canada
95%
16 South Korea
95%
24 Brazil
93%
119 India
93%
8 Australia
90%
8 Mexico
88%
9 Indonesia
78%
14 Singapore
78%
8 Sweden
78%
7 Netherlands
76%
8 Saudi Arabia
71%
24 Israel
68%
8 Poland
66%
14 Argentina
61%
No matching quizzes found
Score Distribution
Percent of People with Each Score
Percentile by Number Answered
Your Score History
You have not taken this quiz